Statistics for Benevolent Dictators and Enlightened Despots

Click here to take the quiz!

General Stats

  • This quiz has been taken 7,299 times
  • The average score is 11 of 18

Answer Stats

Reign Ruler Country % Correct
1762 - 1796Catherine the GreatRussia
95%
161 - 180Marcus AureliusRoman Empire
88%
1923 - 1938Mustafa Kemal
Atatürk
Turkey
88%
1963 - 1979Park Chung-heeSouth Korea
78%
1953 - 1980Josip Broz TitoYugoslavia
73%
1740 - 1786Frederick the GreatPrussia
70%
1537 - 1574Cosimo MediciTuscany
68%
1740 - 1780Maria TheresaHoly Roman
Empire
68%
1990 - 2019Nursultan
Nazarbayev
Kazakhstan
64%
1999 -Abdullah IIJordan
63%
1771 - 1792Gustav IIISweden
58%
1759 - 1788Charles IIISpain
56%
1970 -Qaboos bin Said
al Said
Oman
55%
1959 - 1990Lee Kuan YewSingapore
41%
500s BCPeisistratusAthens
38%
2000 -Paul KagameRwanda
34%
268 BC - 232 BCAshoka{Maurya} Empire
16%
1977 - 2004France-Albert RenéSeychelles
10%

Score Distribution

Percentile by Number Answered

Percent of People with Each Score

Your Score History

You have not taken this quiz